LEADER 01124cam0 2200277 450 001 E600200063851 005 20210906082642.0 100 $a20100518h1979 |||||ita|0103 ba 101 $afre 102 $aFR 200 1 $a<>monde comme il va$aZadig$etextes intégraux$fVoltaire$gavec une notice biographique, trois notices historiques et littéraires, un index de recherche, des notes explicatives, une documentation thématique, des jugements, un questionnaire et des sujets de devoirs par Claude Blum 210 $aParis$cLarousse$d1979 215 $a191 p.$cill.$d17 cm 225 2 $aNouveaux Classiques Larousse 410 1$1001LAEC00016560$12001 $a*Nouveaux Classiques Larousse 700 0$aVoltaire$3AF00004690$4070$0132570 801 0$aIT$bUNISOB$c20210906$gRICA 850 $aUNISOB 852 $aUNISOB$j840$m29930 912 $aE600200063851 940 $aM 102 Monografia moderna SBN 941 $aM 957 $a840$b000028$gSi$d29930$rAcquisto$1vittorini$2UNISOB$3UNISOB$420100518065720.0$520150720101832.0$6Alfano 996 $aMonde comme il va$91702760 996 $aZadig$9912403 997 $aUNISOB